| 000 | 00445nam a2200169 4500 | ||
|---|---|---|---|
| 003 | SEACOMEC | ||
| 005 | 20240416114752.0 | ||
| 008 | 231006b |||||||| |||| 00| 0 eng d | ||
| 040 | _aSEACOMEC | ||
| 082 |
_a530.02462 _bB171 |
||
| 100 | 1 | _aBalachandran, Bala Kumar | |
| 245 | 1 |
_aVibration _cBala Kumar Balachandran and Edward B. Magrab |
|
| 260 |
_aSingapore _bThomson _c2005 |
||
| 650 | _aPhysics | ||
| 700 | 1 | _aMagrab, Edward B. | |
| 942 | _cBOOK | ||
| 999 |
_c142 _d142 |
||